| 000 | 00623nam a2200205Ia 4500 | ||
|---|---|---|---|
| 005 | 20241216011229.0 | ||
| 008 | 190429s9999||||xx |||||||||||||| ||und|| | ||
| 082 |
_a636.9 _bV77 |
||
| 100 | _aVIVAS VIVAS PITTER LUIS | ||
| 245 | 0 |
_aEFECTO DE LA BETAINA EN EL CRECIMIENTO ENGORDE DE CUYES CAVIA PORCELLUS (LINNEO) _bN |
|
| 250 | _a0 | ||
| 260 |
_aCERRO DE PASCO-PERU _bUNDAC _c2002 |
||
| 300 |
_a56 pag. _c70 cm. |
||
| 341 | _h0 | ||
| 490 |
_v0 _a0 |
||
| 505 | _aREVISION BIBLIOGRAFICA/MATERIALES METODOS/RESULTADO DISCUCIO | ||
| 541 |
_aD _bVIVAS VIVAS PITTER _d24-Nov-06 _oSoles |
||
| 650 | _aZootecnia | ||
| 942 | _cTESIS | ||
| 999 |
_c36199 _d36199 |
||